Statistics for countries of north america

Click here to take the quiz!

General Stats

  • This quiz has been taken 8 times
  • The average score is 12 of 15

Answer Stats

HintAnswer% Correct
the capital is ottowacanada
100%
the capital is san josecosta rica
100%
the capital is guatemala cityguatemala
100%
the capital is mexico citymexico
100%
the capital is panama citypanama
100%
the capital is washington dcunited states
100%
the capital is havanecuba
86%
the capital is santo domingodominican republic
86%
the capital is tegucigalpahonduras
86%
the capital is managuanicaragua
86%
the capital is belmopanbelize
71%
the capital is kingstonjamaica
71%
the capital is nassauthe bahamas
71%
the capital is el salvadorsan salvador
57%
the capital is port-au-princehati
14%

Score Distribution

Percentile by Number Answered

Percent of People with Each Score

Your Score History

You have not taken this quiz